000 00798nam a2200253Ia 4500
003 OSt
005 20220928121600.0
006 a|||||r|||| 00| 0
007 ta
008 220927b |||||||| |||| 00| 0 eng d
020 _cINR 995.00
024 _a142561
037 _b9211, 12/12/2019, The Book Seller
_cTextual
040 _aSDCL
_cSDCL
_beng
041 _2eng
_aeng
082 _aX9(D65,4), Q9
100 _aTangirala Maruthi P.
_9453439
245 0 _aTelecom sector regulation in India
_b A institutional perspective
260 _aLondon
_bRoutledge New York
_c2019
300 _axiii,274p.
_ccm.
650 _aBusiness Economics
_9391653
942 _hX9(D65,4), Q9
_cTEXL
_2CC
999 _c767325
_d767325